Catálogo

Urgencias en oftalmología : (Registro nro. 70456)

Detalles MARC
000 -LEADER
fixed length control field 01248nam a2200313 i 4500
001 - CONTROL NUMBER
control field 70456
003 - CONTROL NUMBER IDENTIFIER
control field Mx-PuUPA
005 - DATE AND TIME OF LATEST TRANSACTION
control field 20230805091429.0
008 - FIXED-LENGTH DATA ELEMENTS--GENERAL INFORMATION
fixed length control field 230805s2023 mx a|||fr|||| 00| 0 spa d
020 ## - INTERNATIONAL STANDARD BOOK NUMBER
International Standard Book Number 9786078546800
040 ## - CATALOGING SOURCE
Original cataloging agency Mx-PuUPA
Language of cataloging spa
Transcribing agency Mx-PuUPA
Modifying agency Mx-PuUPA
Description conventions rda
041 0# - LANGUAGE CODE
Language code of text/sound track or separate title spa
245 00 - TITLE STATEMENT
Title Urgencias en oftalmología :
Remainder of title guía práctica para su manejo /
Statement of responsibility, etc. David Castillejos, Agustina Adaniya, Fernando Aguilera Garrido, Fernando Aguilera Zárate [y otros nueve]
264 #1 - PRODUCTION, PUBLICATION, DISTRIBUTION, MANUFACTURE, AND COPYRIGHT NOTICE
Place of production, publication, distribution, manufacture Ciudad de México, México :
Name of producer, publisher, distributor, manufacturer Editorial Médica Panamericana,
Date of production, publication, distribution, manufacture, or copyright notice ©2023
300 ## - PHYSICAL DESCRIPTION
Extent xviii, 494 páginas :
Other physical details ilustraciones ;
Dimensions 20 cm
336 ## - CONTENT TYPE
Fuente rdacontent
Content type term texto
Content type code txt
337 ## - MEDIA TYPE
Source rdamedia
Media type term sin medio
Media type code n
338 ## - CARRIER TYPE
Source rdacarrier
Carrier type term volumen
Carrier type code nc
650 #7 - SUBJECT ADDED ENTRY--TOPICAL TERM
Source of heading or term armarc
Topical term or geographic name entry element Urgencias oftalmológicas
650 #7 - SUBJECT ADDED ENTRY--TOPICAL TERM
Source of heading or term armarc
Topical term or geographic name entry element Ojos
General subdivision Enfermedades
700 1# - ADDED ENTRY--PERSONAL NAME
Personal name Castillejos Ríos, David,
9 (RLIN) 14578
Relator term autor
700 1# - ADDED ENTRY--PERSONAL NAME
Personal name Adaniya, Agustina,
Relator term autor
700 1# - ADDED ENTRY--PERSONAL NAME
Personal name Aguilera Garrido, Fernando,
Relator term autor
700 1# - ADDED ENTRY--PERSONAL NAME
Personal name Aguilera Zárate, Fernando,
Relator term autor
942 ## - ADDED ENTRY ELEMENTS (KOHA)
Source of classification or shelving scheme Dewey Decimal Classification
Koha item type Libro
Classification part 617.7026
Item part U75
Existencias
Withdrawn status Lost status Source of classification or shelving scheme Damaged status Not for loan Collection code Home library Current library Shelving location Date acquired Source of acquisition Cost, normal purchase price Total Checkouts Full call number Barcode Date last seen Date last checked out Cost, replacement price Price effective from Koha item type
    Dewey Decimal Classification     General Biblioteca Karol Wojtyla Biblioteca Karol Wojtyla Sala general 17/07/2023 14 950.00 2 617.7026 U75 2023 103960 27/04/2026 13/04/2026 950.00 17/07/2023 Libro